Paulovič ; Čunderlík : katalog z výstavy v Ban. Bystrici, Malá dvorana Nár. domu : od 9. do 16. mája 1948

Hlavní autor: Paulovič, Emil
Další autoři: Čunderlík, Marián, 1926-1983
Jazyk: Slovenština
Vydáno: [Slovensko] : [nakladatel není známý], 1948
Fyzický popis: 13 nečíslovaných stran : ilustrace ; 20 cm
Knihy
Uloženo v:
LEADER 00927nam a22002657i 4500
001 001816260
003 CZ BrMZK
005 20220224100342.0
007 ta
008 220224s1948 xo a er|||||||||||slo d
040 |a BOA001  |b cze  |e rda 
100 1 |a Paulovič, Emil  |4 art 
245 1 0 |a Paulovič ;  |b Čunderlík : katalog z výstavy v Ban. Bystrici, Malá dvorana Nár. domu : od 9. do 16. mája 1948 
264 1 |a [Slovensko] :  |b [nakladatel není známý],  |c 1948 
300 |a 13 nečíslovaných stran :  |b ilustrace ;  |c 20 cm 
336 |a text  |b txt  |2 rdacontent 
337 |a bez média  |b n  |2 rdamedia 
338 |a svazek  |b nc  |2 rdacarrier 
500 |a Název z obálky 
700 1 |a Čunderlík, Marián,  |d 1926-1983  |7 jn19990210168  |4 art 
740 0 2 |a Čunderlík 
910 |a BOA001  |b X-0212.389 
990 |a BK 
991 |b 202202 
996 7 |b 2618725571  |c X-0212.389  |l MZK  |r Sklad / do 24 hodin  |n 0  |w 001880399  |u 000010  |a 1  |e BOA001  |j MZK50  |s A